00322 a2200145 4500003000400000005001700004008004100021040000600062082001900068100001900087245003400106250001100140256001600151260000900167OSt20180116182634.0160502b xxu||||| |||| 00| 0 eng d c0 a330.015195 MAD aG. S. Maddala. aIntroduction to Econometrics. a3rd Ed awiley india c2005